[Event "ODJM B 2024"]
[Site "Willingen GER"]
[Date "2024.05.19"]
[Round "2"]
[White "Borgmann, Simon"]
[Black "Müller, Maximilian"]
[Result "0-1"]
[Termination "normal"]
[Board "32"]
[WhiteElo "1683"]
[BlackElo "1583"]
[WhiteClock "00:13:21"]
[BlackClock "00:17:13"]
[PlyCount "66"]
[WhiteFideId "16234677"]
[BlackFideId "34640282"]
[EventCountry "GER"]
[EventRounds "9"]
[EventType "swiss"]
[EventDate "2024.05.18"]

1. d4 {[%clk 01:30:38]} {[%emt 00:00:21]} d5 {[%clk 01:30:54]} {[%emt
00:00:06]} 2. Nf3 {[%clk 01:31:05]} {[%emt 00:00:04]} Nf6 {[%clk 01:31:17]}
{[%emt 00:00:06]} 3. e3 {[%clk 01:30:55]} {[%emt 00:00:40]} Bf5 {[%clk
01:31:17]} {[%emt 00:00:30]} 4. c4 {[%clk 01:25:26]} {[%emt 00:05:59]} e6
{[%clk 01:31:42]} {[%emt 00:00:05]} 5. Nbd2 {[%clk 01:23:57]} {[%emt 00:01:59]}
Bb4 {[%clk 01:31:14]} {[%emt 00:00:57]} 6. a3 {[%clk 01:22:19]} {[%emt
00:02:09]} Bxd2+ {[%clk 01:30:12]} {[%emt 00:01:31]} 7. Bxd2 {[%clk 01:22:10]}
{[%emt 00:00:40]} Nc6 {[%clk 01:30:17]} {[%emt 00:00:24]} 8. Be2 {[%clk
01:22:08]} {[%emt 00:00:33]} O-O {[%clk 01:29:41]} {[%emt 00:01:06]} 9. O-O
{[%clk 01:22:34]} {[%emt 00:00:05]} Re8 {[%clk 01:29:12]} {[%emt 00:00:58]} 10.
Ne5 {[%clk 01:03:10]} {[%emt 00:19:53]} Nxe5 {[%clk 01:24:46]} {[%emt
00:04:57]} 11. dxe5 {[%clk 01:03:34]} {[%emt 00:00:06]} Nd7 {[%clk 01:24:48]}
{[%emt 00:00:28]} 12. Bc3 {[%clk 01:02:11]} {[%emt 00:01:53]} c6 {[%clk
01:22:34]} {[%emt 00:02:44]} 13. f4 {[%clk 00:59:02]} {[%emt 00:03:38]} Qc7
{[%clk 01:17:49]} {[%emt 00:05:16]} 14. Rf3 {[%clk 00:51:14]} {[%emt 00:08:17]}
dxc4 {[%clk 01:15:59]} {[%emt 00:02:21]} 15. Rg3 {[%clk 00:50:16]} {[%emt
00:01:28]} Rad8 {[%clk 01:13:05]} {[%emt 00:03:23]} 16. Qf1 {[%clk 00:48:39]}
{[%emt 00:02:07]} Nc5 {[%clk 01:08:38]} {[%emt 00:04:57]} 17. Bf3 {[%clk
00:39:47]} {[%emt 00:09:23]} Bd3 {[%clk 01:01:24]} {[%emt 00:07:42]} 18. Qe1
{[%clk 00:38:29]} {[%emt 00:01:50]} Na4 {[%clk 00:52:27]} {[%emt 00:09:26]} 19.
Rh3 {[%clk 00:33:41]} {[%emt 00:05:18]} Nxc3 {[%clk 00:51:14]} {[%emt
00:01:44]} 20. bxc3 {[%clk 00:34:04]} {[%emt 00:00:07]} Qe7 {[%clk 00:37:43]}
{[%emt 00:14:01]} 21. g4 {[%clk 00:33:15]} {[%emt 00:01:19]} f6 {[%clk
00:29:47]} {[%emt 00:08:26]} 22. exf6 {[%clk 00:29:40]} {[%emt 00:04:05]} Qxf6
{[%clk 00:30:03]} {[%emt 00:00:14]} 23. g5 {[%clk 00:29:59]} {[%emt 00:00:10]}
Qe7 {[%clk 00:29:11]} {[%emt 00:01:23]} 24. Kh1 {[%clk 00:22:54]} {[%emt
00:07:35]} e5 {[%clk 00:23:12]} {[%emt 00:06:29]} 25. Qg3 {[%clk 00:15:22]}
{[%emt 00:08:01]} exf4 {[%clk 00:22:25]} {[%emt 00:01:18]} 26. exf4 {[%clk
00:15:43]} {[%emt 00:00:09]} Be4 {[%clk 00:21:20]} {[%emt 00:01:34]} 27. Bxe4
{[%clk 00:12:35]} {[%emt 00:03:39]} Qxe4+ {[%clk 00:21:42]} {[%emt 00:00:08]}
28. Qf3 {[%clk 00:13:00]} {[%emt 00:00:05]} Qxf3+ {[%clk 00:19:24]} {[%emt
00:02:48]} 29. Rxf3 {[%clk 00:13:24]} {[%emt 00:00:06]} Rd5 {[%clk 00:17:22]}
{[%emt 00:02:32]} 30. a4 {[%clk 00:12:25]} {[%emt 00:01:29]} Red8 {[%clk
00:16:55]} {[%emt 00:00:57]} 31. Rb1 {[%clk 00:12:31]} {[%emt 00:00:24]} Rd1+
{[%clk 00:17:01]} {[%emt 00:00:24]} 32. Rxd1 {[%clk 00:12:54]} {[%emt
00:00:07]} Rxd1+ {[%clk 00:17:25]} {[%emt 00:00:06]} 33. Kg2 {[%clk 00:13:21]}
{[%emt 00:00:02]} Ra1 {[%clk 00:17:13]} {[%emt 00:00:42]} 0-1

[Event "ODJM B 2024"]
[Site "Willingen GER"]
[Date "2024.05.19"]
[Round "2"]
[White "Kühne, Malin"]
[Black "Haidekker, Kilian"]
[Result "0-1"]
[Termination "normal"]
[Board "33"]
[WhiteElo "1546"]
[BlackElo "1690"]
[WhiteClock "00:50:06"]
[BlackClock "00:27:17"]
[PlyCount "48"]
[WhiteFideId "34619747"]
[BlackFideId "34621741"]
[EventCountry "GER"]
[EventRounds "9"]
[EventType "swiss"]
[EventDate "2024.05.18"]

1. d4 {[%clk 01:30:58]} {[%emt 00:00:01]} Nf6 {[%clk 01:30:36]} {[%emt
00:00:25]} 2. c4 {[%clk 01:31:12]} {[%emt 00:00:16]} g6 {[%clk 01:29:51]}
{[%emt 00:01:14]} 3. Nc3 {[%clk 01:31:30]} {[%emt 00:00:13]} Bg7 {[%clk
01:29:49]} {[%emt 00:00:32]} 4. e4 {[%clk 01:31:30]} {[%emt 00:00:30]} d6
{[%clk 01:28:00]} {[%emt 00:02:19]} 5. Nf3 {[%clk 01:27:57]} {[%emt 00:04:03]}
O-O {[%clk 01:27:53]} {[%emt 00:00:36]} 6. h3 {[%clk 01:27:39]} {[%emt
00:00:48]} c5 {[%clk 01:14:04]} {[%emt 00:14:19]} 7. d5 {[%clk 01:27:10]}
{[%emt 00:00:59]} Nbd7 {[%clk 01:10:33]} {[%emt 00:04:01]} 8. Be3 {[%clk
01:25:07]} {[%emt 00:02:33]} a6 {[%clk 01:07:02]} {[%emt 00:04:02]} 9. Qd2
{[%clk 01:23:27]} {[%emt 00:02:09]} Re8 {[%clk 01:02:20]} {[%emt 00:05:12]} 10.
Bd3 {[%clk 01:18:12]} {[%emt 00:05:43]} Rb8 {[%clk 00:56:48]} {[%emt 00:06:05]}
11. O-O-O {[%clk 01:12:55]} {[%emt 00:05:47]} Qa5 {[%clk 00:55:09]} {[%emt
00:02:08]} 12. Kb1 {[%clk 01:11:48]} {[%emt 00:01:37]} b5 {[%clk 00:52:34]}
{[%emt 00:03:06]} 13. g4 {[%clk 01:10:27]} {[%emt 00:01:51]} bxc4 {[%clk
00:44:10]} {[%emt 00:08:54]} 14. Bxc4 {[%clk 01:10:11]} {[%emt 00:00:45]} Nxe4
{[%clk 00:42:10]} {[%emt 00:02:30]} 15. Nxe4 {[%clk 01:07:24]} {[%emt
00:03:17]} Rxb2+ {[%clk 00:42:22]} {[%emt 00:00:19]} 16. Qxb2 {[%clk 01:07:29]}
{[%emt 00:00:25]} Bxb2 {[%clk 00:42:46]} {[%emt 00:00:06]} 17. Bb3 {[%clk
01:04:05]} {[%emt 00:03:54]} Bg7 {[%clk 00:41:04]} {[%emt 00:02:10]} 18. h4
{[%clk 01:01:00]} {[%emt 00:03:35]} c4 {[%clk 00:38:54]} {[%emt 00:02:41]} 19.
Bd4 {[%clk 00:57:38]} {[%emt 00:03:52]} cxb3 {[%clk 00:36:41]} {[%emt
00:02:44]} 20. axb3 {[%clk 00:56:56]} {[%emt 00:01:11]} Bb7 {[%clk 00:31:16]}
{[%emt 00:05:55]} 21. Bxg7 {[%clk 00:56:01]} {[%emt 00:01:24]} Kxg7 {[%clk
00:31:34]} {[%emt 00:00:12]} 22. Rhe1 {[%clk 00:51:17]} {[%emt 00:05:15]} Rb8
{[%clk 00:27:44]} {[%emt 00:04:20]} 23. Kb2 {[%clk 00:50:17]} {[%emt 00:01:30]}
Bxd5 {[%clk 00:27:17]} {[%emt 00:00:57]} 24. Nfd2 {[%clk 00:50:06]} {[%emt
00:00:40]} Ne5 {[%emt 00:04:13]} 0-1

[Event "ODJM B 2024"]
[Site "Willingen GER"]
[Date "2024.05.19"]
[Round "2"]
[White "Tulchynsky, Mark"]
[Black "Fettig, Konrad"]
[Result "1/2-1/2"]
[Termination "normal"]
[Board "34"]
[WhiteElo "1828"]
[BlackElo "1744"]
[WhiteClock "00:07:52"]
[BlackClock "00:31:50"]
[PlyCount "161"]
[WhiteFideId "34617698"]
[BlackFideId "34622888"]
[EventCountry "GER"]
[EventRounds "9"]
[EventType "swiss"]
[EventDate "2024.05.18"]

1. e4 {[%clk 01:30:58]} {[%emt 00:00:01]} c5 {[%clk 01:30:58]} {[%emt
00:00:03]} 2. d4 {[%clk 01:31:24]} {[%emt 00:00:04]} cxd4 {[%clk 01:31:24]}
{[%emt 00:00:04]} 3. c3 {[%clk 01:31:51]} {[%emt 00:00:03]} dxc3 {[%clk
01:31:49]} {[%emt 00:00:04]} 4. Nxc3 {[%clk 01:32:20]} Nc6 {[%clk 01:31:51]}
{[%emt 00:00:28]} 5. Nf3 {[%clk 01:32:46]} {[%emt 00:00:05]} e6 {[%clk
01:32:05]} {[%emt 00:00:16]} 6. Bc4 {[%clk 01:31:46]} {[%emt 00:01:30]} Bb4
{[%clk 01:31:56]} {[%emt 00:00:40]} 7. O-O {[%clk 01:29:44]} {[%emt 00:02:31]}
Nge7 {[%clk 01:32:11]} {[%emt 00:00:14]} 8. Qe2 {[%clk 01:19:47]} {[%emt
00:10:28]} O-O {[%clk 01:31:40]} {[%emt 00:01:00]} 9. Rd1 {[%clk 01:18:33]}
{[%emt 00:01:44]} Bxc3 {[%clk 01:28:16]} {[%emt 00:03:54]} 10. bxc3 {[%clk
01:18:16]} {[%emt 00:00:48]} d5 {[%clk 01:27:08]} {[%emt 00:01:37]} 11. Ba3
{[%clk 01:11:31]} {[%emt 00:07:15]} Qa5 {[%clk 01:23:58]} {[%emt 00:03:39]} 12.
Bxe7 {[%clk 00:49:07]} {[%emt 00:22:56]} Nxe7 {[%clk 01:23:55]} {[%emt
00:00:32]} 13. exd5 {[%clk 00:48:24]} {[%emt 00:01:14]} Nxd5 {[%clk 01:22:45]}
{[%emt 00:01:39]} 14. Bxd5 {[%clk 00:43:37]} {[%emt 00:05:18]} exd5 {[%clk
01:22:37]} {[%emt 00:00:37]} 15. Qe5 {[%clk 00:42:59]} {[%emt 00:01:08]} Be6
{[%clk 01:18:12]} {[%emt 00:04:56]} 16. c4 {[%clk 00:31:58]} {[%emt 00:11:31]}
Rad8 {[%clk 01:12:04]} {[%emt 00:06:36]} 17. Rd2 {[%clk 00:20:34]} {[%emt
00:11:56]} Bg4 {[%clk 01:10:27]} {[%emt 00:02:06]} 18. Rxd5 {[%clk 00:16:55]}
{[%emt 00:04:10]} Rxd5 {[%clk 01:10:23]} {[%emt 00:00:34]} 19. cxd5 {[%clk
00:16:21]} {[%emt 00:01:03]} Bxf3 {[%clk 01:10:22]} {[%emt 00:00:32]} 20. gxf3
{[%clk 00:16:42]} {[%emt 00:00:10]} Rd8 {[%clk 01:09:11]} {[%emt 00:01:40]} 21.
Rd1 {[%clk 00:15:57]} {[%emt 00:01:14]} Qa4 {[%clk 01:06:31]} {[%emt 00:03:11]}
22. Qe2 {[%clk 00:15:20]} {[%emt 00:00:58]} h6 {[%clk 01:05:21]} {[%emt
00:01:48]} 23. d6 {[%clk 00:14:58]} {[%emt 00:00:52]} Qh4 {[%clk 01:02:31]}
{[%emt 00:03:14]} 24. d7 {[%clk 00:11:20]} {[%emt 00:04:15]} Qg5+ {[%clk
01:01:01]} {[%emt 00:01:59]} 25. Kh1 {[%clk 00:10:59]} {[%emt 00:00:51]} Qf6
{[%clk 00:51:42]} {[%emt 00:09:49]} 26. Qe8+ {[%clk 00:09:55]} {[%emt
00:01:33]} Kh7 {[%clk 00:52:03]} {[%emt 00:00:09]} 27. Qe4+ {[%clk 00:10:21]}
{[%emt 00:00:05]} Qg6 {[%clk 00:51:03]} {[%emt 00:01:31]} 28. Qxb7 {[%clk
00:07:30]} {[%emt 00:03:21]} Qc2 {[%clk 00:49:50]} {[%emt 00:01:41]} 29. Qd5
{[%clk 00:02:51]} {[%emt 00:05:10]} Kg8 {[%clk 00:49:17]} {[%emt 00:01:04]} 30.
Re1 {[%clk 00:02:44]} {[%emt 00:00:36]} Kh7 {[%clk 00:46:22]} {[%emt 00:03:26]}
31. Qxf7 {[%clk 00:02:24]} {[%emt 00:00:49]} Qg6 {[%clk 00:44:05]} {[%emt
00:02:46]} 32. Qe7 {[%clk 00:01:37]} {[%emt 00:01:15]} Qf6 {[%clk 00:42:50]}
{[%emt 00:01:48]} 33. Qe4+ {[%clk 00:01:57]} {[%emt 00:00:11]} Kh8 {[%clk
00:41:28]} {[%emt 00:01:52]} 34. Qd3 {[%clk 00:01:39]} {[%emt 00:00:44]} Qf7
{[%clk 00:40:26]} {[%emt 00:01:35]} 35. Rd1 {[%clk 00:00:57]} {[%emt 00:01:12]}
Qxa2 {[%clk 00:40:37]} {[%emt 00:00:20]} 36. Qe3 {[%clk 00:01:09]} {[%emt
00:00:17]} Qf7 {[%clk 00:40:20]} {[%emt 00:00:46]} 37. Kg1 {[%clk 00:00:51]}
{[%emt 00:00:49]} Rxd7 {[%clk 00:38:44]} {[%emt 00:02:07]} 38. Ra1 {[%clk
00:00:55]} {[%emt 00:00:24]} h5 {[%clk 00:35:22]} {[%emt 00:03:53]} 39. h3
{[%clk 00:00:35]} {[%emt 00:00:50]} Qf5 {[%clk 00:34:22]} {[%emt 00:01:30]} 40.
Kh2 {[%clk 00:00:44]} {[%emt 00:00:20]} Rd3 {[%clk 00:34:14]} {[%emt 00:00:39]}
41. Qe8+ {[%clk 00:00:47]} {[%emt 00:00:27]} Kh7 {[%clk 00:34:23]} {[%emt
00:00:21]} 42. Qe4 {[%clk 00:28:11]} {[%emt 00:03:04]} Rxf3 {[%clk 01:02:10]}
{[%emt 00:02:45]} 43. Qxf5+ {[%clk 00:28:37]} {[%emt 00:00:04]} Rxf5 {[%clk
01:01:50]} {[%emt 00:00:51]} 44. Rxa7 {[%clk 00:15:18]} {[%emt 00:13:48]} Rxf2+
{[%clk 01:01:48]} {[%emt 00:00:33]} 45. Kg3 {[%clk 00:15:44]} {[%emt 00:00:04]}
Rf6 {[%clk 01:00:32]} {[%emt 00:01:45]} 46. Ra5 {[%clk 00:15:14]} {[%emt
00:00:59]} Kh6 {[%clk 01:00:15]} {[%emt 00:00:48]} 47. h4 {[%clk 00:14:54]}
{[%emt 00:00:50]} Rg6+ {[%clk 01:00:07]} {[%emt 00:00:38]} 48. Kh3 {[%clk
00:15:20]} {[%emt 00:00:04]} Rf6 {[%clk 00:59:50]} {[%emt 00:00:47]} 49. Kg3
{[%clk 00:15:12]} {[%emt 00:00:38]} g6 {[%clk 00:59:57]} {[%emt 00:00:22]} 50.
Rb5 {[%clk 00:15:13]} {[%emt 00:00:28]} Kg7 {[%clk 00:58:58]} {[%emt 00:01:31]}
51. Rb7+ {[%clk 00:15:29]} {[%emt 00:00:14]} Rf7 {[%clk 00:57:54]} {[%emt
00:01:34]} 52. Rb6 {[%clk 00:15:54]} {[%emt 00:00:06]} Re7 {[%clk 00:58:07]}
{[%emt 00:00:15]} 53. Kf4 {[%clk 00:15:53]} {[%emt 00:00:31]} Re1 {[%clk
00:57:29]} {[%emt 00:01:09]} 54. Ra6 {[%clk 00:14:58]} {[%emt 00:01:25]} Rg1
{[%clk 00:57:42]} {[%emt 00:00:17]} 55. Ra7+ {[%clk 00:14:41]} {[%emt
00:00:47]} Kh6 {[%clk 00:57:49]} {[%emt 00:00:24]} 56. Ra5 {[%clk 00:13:02]}
{[%emt 00:02:08]} Rg4+ {[%clk 00:57:55]} {[%emt 00:00:24]} 57. Kf3 {[%clk
00:13:29]} {[%emt 00:00:03]} Rxh4 {[%clk 00:57:57]} {[%emt 00:00:28]} 58. Kg3
{[%clk 00:13:56]} {[%emt 00:00:04]} Rb4 {[%clk 00:57:55]} {[%emt 00:00:31]} 59.
Rc5 {[%clk 00:13:14]} {[%emt 00:01:12]} h4+ {[%clk 00:55:22]} {[%emt 00:03:02]}
60. Kh3 {[%clk 00:13:34]} {[%emt 00:00:11]} g5 {[%clk 00:55:26]} {[%emt
00:00:26]} 61. Ra5 {[%clk 00:13:26]} {[%emt 00:00:38]} Rb3+ {[%clk 00:54:36]}
{[%emt 00:01:20]} 62. Kh2 {[%clk 00:13:21]} {[%emt 00:00:33]} Kh5 {[%clk
00:54:40]} {[%emt 00:00:26]} 63. Ra4 {[%clk 00:13:22]} {[%emt 00:00:30]} h3
{[%clk 00:54:42]} {[%emt 00:00:28]} 64. Rc4 {[%clk 00:13:17]} {[%emt 00:00:36]}
g4 {[%clk 00:53:31]} {[%emt 00:01:40]} 65. Rc5+ {[%clk 00:11:27]} {[%emt
00:02:21]} Kh4 {[%clk 00:53:13]} {[%emt 00:00:48]} 66. Rc1 {[%clk 00:11:26]}
{[%emt 00:00:31]} Rb2+ {[%clk 00:48:19]} {[%emt 00:05:24]} 67. Kh1 {[%clk
00:11:21]} {[%emt 00:00:20]} Rf2 {[%clk 00:39:59]} {[%emt 00:09:05]} 68. Kg1
{[%clk 00:10:43]} {[%emt 00:01:08]} Rf4 {[%clk 00:39:40]} {[%emt 00:00:48]} 69.
Rc8 {[%clk 00:11:05]} {[%emt 00:00:09]} Kg3 {[%clk 00:39:31]} {[%emt 00:00:38]}
70. Rc3+ {[%clk 00:11:29]} {[%emt 00:00:06]} Rf3 {[%clk 00:39:41]} {[%emt
00:00:19]} 71. Rc1 {[%clk 00:11:44]} {[%emt 00:00:16]} h2+ {[%clk 00:39:08]}
{[%emt 00:01:04]} 72. Kh1 {[%clk 00:12:10]} {[%emt 00:00:04]} Kh3 {[%clk
00:39:22]} {[%emt 00:00:15]} 73. Rc3 {[%clk 00:12:20]} {[%emt 00:00:21]} Kg3
{[%clk 00:36:16]} {[%emt 00:03:36]} 74. Rc1 {[%clk 00:12:24]} {[%emt 00:00:25]}
Re3 {[%clk 00:36:09]} {[%emt 00:00:37]} 75. Rf1 {[%clk 00:10:06]} {[%emt
00:02:43]} Re4 {[%clk 00:33:51]} {[%emt 00:02:53]} 76. Rc1 {[%clk 00:09:59]}
{[%emt 00:00:37]} Kf2 {[%clk 00:33:59]} {[%emt 00:00:22]} 77. Kxh2 {[%clk
00:08:11]} {[%emt 00:02:19]} g3 {[%clk 00:34:08]} {[%emt 00:00:21]} 78. Kh3
{[%clk 00:08:34]} {[%emt 00:00:05]} Re2 {[%clk 00:33:58]} {[%emt 00:00:42]} 79.
Ra1 {[%clk 00:07:15]} {[%emt 00:01:49]} g2 {[%clk 00:33:47]} {[%emt 00:00:41]}
80. Kh2 {[%clk 00:07:31]} {[%emt 00:00:14]} Re4 {[%clk 00:31:50]} {[%emt
00:02:27]} 81. Ra2+ {[%clk 00:07:52]} {[%emt 00:00:09]} 1/2-1/2

[Event "ODJM B 2024"]
[Site "Willingen GER"]
[Date "2024.05.19"]
[Round "2"]
[White "Claussen, Alexander"]
[Black "Kuhlmann, Nils Magnus"]
[Result "1/2-1/2"]
[Termination "normal"]
[Board "35"]
[WhiteElo "1595"]
[BlackElo "1757"]
[WhiteClock "00:40:33"]
[BlackClock "00:20:57"]
[PlyCount "43"]
[WhiteFideId "16248910"]
[BlackFideId "16287177"]
[EventCountry "GER"]
[EventRounds "9"]
[EventType "swiss"]
[EventDate "2024.05.18"]

1. d4 {[%clk 01:30:57]} {[%emt 00:00:02]} d5 {[%clk 01:30:35]} {[%emt
00:00:26]} 2. Nf3 {[%clk 01:31:20]} {[%emt 00:00:07]} Nf6 {[%clk 01:29:12]}
{[%emt 00:01:53]} 3. e3 {[%clk 01:31:28]} {[%emt 00:00:21]} e6 {[%clk
01:28:25]} {[%emt 00:01:16]} 4. Bd3 {[%clk 01:31:48]} {[%emt 00:00:11]} c5
{[%clk 01:27:44]} {[%emt 00:01:12]} 5. c3 {[%clk 01:32:12]} {[%emt 00:00:06]}
Nc6 {[%clk 01:27:45]} {[%emt 00:00:28]} 6. Nbd2 {[%clk 01:29:25]} {[%emt
00:03:18]} Qc7 {[%clk 01:25:18]} {[%emt 00:02:56]} 7. e4 {[%clk 01:25:16]}
{[%emt 00:04:40]} cxd4 {[%clk 01:19:00]} {[%emt 00:06:48]} 8. cxd4 {[%clk
01:24:29]} {[%emt 00:01:17]} dxe4 {[%clk 01:10:10]} {[%emt 00:09:20]} 9. Nxe4
{[%clk 01:24:34]} {[%emt 00:00:25]} Nxe4 {[%clk 01:07:32]} {[%emt 00:03:09]}
10. Bxe4 {[%clk 01:24:53]} {[%emt 00:00:10]} Be7 {[%clk 00:57:57]} {[%emt
00:10:04]} 11. O-O {[%clk 01:24:51]} {[%emt 00:00:32]} O-O {[%clk 00:57:40]}
{[%emt 00:00:48]} 12. Be3 {[%clk 01:25:12]} {[%emt 00:00:08]} Qd8 {[%clk
00:55:21]} {[%emt 00:02:50]} 13. a3 {[%clk 01:24:20]} {[%emt 00:01:22]} f5
{[%clk 00:51:39]} {[%emt 00:04:11]} 14. Bd3 {[%clk 01:19:18]} {[%emt 00:05:32]}
g5 {[%clk 00:45:41]} {[%emt 00:06:28]} 15. Ne5 {[%clk 01:10:46]} {[%emt
00:09:02]} Nxd4 {[%clk 00:39:44]} {[%emt 00:06:28]} 16. Qh5 {[%clk 01:00:06]}
{[%emt 00:11:09]} Bf6 {[%clk 00:37:20]} {[%emt 00:02:54]} 17. Ng4 {[%clk
00:49:10]} {[%emt 00:11:26]} Nc6 {[%clk 00:22:57]} {[%emt 00:14:54]} 18. Nxf6+
{[%clk 00:46:05]} {[%emt 00:03:35]} Qxf6 {[%clk 00:23:15]} {[%emt 00:00:11]}
19. Qxg5+ {[%clk 00:46:15]} {[%emt 00:00:20]} Kf7 {[%clk 00:22:09]} {[%emt
00:01:37]} 20. Qxf6+ {[%clk 00:45:22]} {[%emt 00:01:23]} Kxf6 {[%clk 00:22:34]}
{[%emt 00:00:05]} 21. f4 {[%clk 00:44:22]} {[%emt 00:01:30]} Rd8 {[%clk
00:20:57]} {[%emt 00:02:07]} 22. Rad1 {[%clk 00:40:33]} {[%emt 00:04:18]}
1/2-1/2